| 000 | 00449nam a2200145Ia 4500 | ||
|---|---|---|---|
| 999 |
_c10703 _d10703 |
||
| 082 | _aTS.0868 | ||
| 100 | _aSarda, A.N. | ||
| 245 | 0 | _aAnalytical study of the working and management of Bombay Stock Exchange (1982-83 to 1992-93) | |
| 260 |
_c1995 _bNagpur University |
||
| 300 | _a351p. | ||
| 650 | _aSTOCK EXCHANGES- MAHARASHTRA - BOMBAY - 1982/83-1992/93 | ||
| 650 | _aSTOCK MARKET//STOCK EXCHANGES | ||
| 710 | _aDixit, K.R. | ||
| 942 |
_cTH _2ddc |
||